El Periodismo en la universidad : lección inaugural del curso 1971-1972 / por manuel Vigil y Vázquez lección inaugural del curso 1971-1972 / por manuel Vigil y Vázquez
Descripción Física:
20 p. ; 21 cm
MARC
| LEADER | 00000nam a2200000Ia 4500 | ||
|---|---|---|---|
| 001 | 14793 | ||
| 003 | BGR | ||
| 005 | 20260324175311.0 | ||
| 008 | 160829s1972 xx 000 0 cat d | ||
| 080 | |a FU-30-36 | ||
| 100 | |a Vigil y Vázquez, Manuel |9 25559 | ||
| 245 | |a El Periodismo en la universidad : |b lección inaugural del curso 1971-1972 / por manuel Vigil y Vázquez | ||
| 260 | |a Barcelona : |b Escuela Oficial de Periodismo, |c 1972 | ||
| 300 | |a 20 p. ; |c 21 cm | ||
| 650 | |a Periodisme |x Ensenyament universitari |x Espanya |9 25560 | ||
| 710 | 1 | |a Escuela Oficial de Periodismo |9 70835 | |
| 901 | |a Arxiu | ||
| 942 | |n 1 |2 udc |c MON | ||
| 952 | |0 0 |1 0 |4 0 |6 FU3036 |7 1 |9 43677 |a Arxiu |b Arxiu |d 2016-12-01 |l 0 |o FU-30-36 |p 14793 |r 2016-12-01 00:00:00 |w 2016-12-01 |y ARXIU | ||
| 999 | |c 46225 |d 46225 | ||